Metal Band Logos - Statistics

General Stats
  • This quiz has been taken 29 times
  • The average score is 52 of 100
Answer Stats
Picture Answer % Correct
Black Sabbath
100%
Metallica
100%
Sabaton
100%
Iron Maiden
96%
Lamb of God
96%
Party Cannon
96%
Slayer
96%
Death
92%
Demolition Hammer
92%
Pentagram
92%
Power Trip
92%
Suicidal Tendencies
92%
Anthrax
88%
Behemoth
88%
Death Angel
88%
Deicide
88%
Exodus
88%
Judas Priest
88%
Lost Society
88%
Lowest Creature
88%
Master
88%
Midnight
88%
Paradise Lost
88%
Wraith
88%
Kreator
83%
Opeth
83%
Obituary
79%
Sinister
79%
Suicide Silence
79%
Warbringer
79%
Cryptic Slaughter
75%
Entombed
75%
Grave
75%
Gwar
75%
Possessed
75%
Hirax
71%
Massacre
71%
Mayhem
71%
Municipal Waste
71%
Sepultura
71%
Sodom
71%
Suffocation
71%
Carcass
67%
Emperor
67%
Scour
67%
Dark Funeral
63%
Decapitated
63%
Havok
63%
Morbid Angel
63%
Skinless
63%
Atheist
58%
Devourment
58%
Bathory
54%
Bongripper
54%
Burzum
54%
Gates to Hell
54%
Tankard
54%
Cradle of Filth
50%
Cryptopsy
46%
Darkthrone
46%
Mortician
46%
Coffins
42%
Dismember
42%
Malevolent Creation
42%
Angelus Apatrida
38%
Bewitched
38%
Corpse Pile
29%
Immolation
29%
Sarcofago
29%
Bloodbath
25%
Horde
25%
Toxic Holocaust
21%
XavlegbmaofffassssitimiwoamndutroabcwapwaeiippohfffX
21%
Carnifex
17%
Dying Fetus
17%
Pathology
17%
Cattle Decapitation
13%
Defeated Sanity
13%
200 Stab Wounds
8%
Disgorge
8%
Frozen Soul
8%
Molder
8%
Peeling Flesh
8%
Revocation
8%
Wormrot
8%
Blood Incantation
4%
Guttural Slug
4%
Sanguisugabogg
4%
Torsofuck
4%
Vektor
4%
Biological Monstrosity
0%
Biomorphic Engulfment
0%
Bowel Erosion
0%
Cerebral Incubation
0%
Frog Mallet
0%
Gore and Carnage
0%
Parasitic Infestation
0%
Psycho Frame
0%
Tribal Gaze
0%
Waking the Cadaver
0%
No matching quizzes found
Score Distribution
Percent of People with Each Score
Percentile by Number Answered
Your Score History
You have not taken this quiz